000 00894nam a2200253 i 4500
003 EG-GICUC
005 20260211095558.0
008 260211b2003 -us||||fr|||| 00| 0 eng d
040 _aEG-GiCUC
_beng
_cEG-GiCUC
_dEG-GiCUC
_erda
082 0 4 _221
_a341.48
092 0 4 _221
099 _aLaw 11 2003
245 0 0 _aAssessing the new normal :
_bLiberty and security for the Post-September 11 United States.
264 _aUnited States :
_bLawyers Committee for Human Rights,
_c2003.
300 _axviii, 126 pages ;
_c29 cm
336 _2rda content
_atext
337 _2rda media
_aComputer
338 _2rda carrier
_aOnline Resource
650 1 0 _aNational security
_xLaw and legislation
_zUnited States
650 1 0 _aTerrorism
_xPrevention
_xLaw and legislation
_zUnited States
856 4 0 _uhttps://fll.law.cu.edu.eg/fulltext/bks/ENGB11-00131.pdf
905 _a10
942 _2ddc
_cBK
_e21
_n0
999 _c62543
_d62543